000 00905cam a22003017a 4500
003 CHAP
005 20220329141008.0
008 971013s1994 r 00010 d
010 _a61052
011 _a62024
035 _a66198
040 _cCHAP
090 _aFolleto 14704
100 0 0 _aScheley, Peter.
_9102952
245 1 0 _aShort instruction instrumental insemination of bee queens
260 _aColumbus, Ohio :
_bOhio State University,
_c1994
300 _a7 h.
_b: ilus.
500 _aFotocopia
590 _aBATCH-UPD
_b10
_c20130110
_lUCH01
_h0439
590 _aBATCH-UPD
_b10
_c20130410
_lUCH01
_h0114
590 _aBATCH-UPD
_b10
_c20130914
_lUCH01
_h1648
590 _aCONVERSION
_b10
_c20130109
_lUCH01
_h1333
650 1 4 _aAbejas reina.
_9196
650 1 4 _aInseminación artificial.
_958964
901 _aBK
942 _cFOLL
949 _aFolleto 14704
_bBC
_cFOLL
_d-151356
_eTS1
_i66198
_si
999 _c61052
_d61052